00633 2200241 4500001002100000005001700021008004100038020001800079035002400097082001300121090002000134100001900154245003500173250001100208260004100219300002400260650004500284850001500329980001100344985000600355999001500361999001500376YOGYA-0209000000496120090227020750.0 ind  a979-537-131-2 0010-020900000004961 a001.6424 a001.6424bBus L aBUSER, Susanne aLotus 1-2-3 3.0cSusanne Buser aCet. 2 aJakartabElex Media Komputindoc1994 axiv, 166 hlmc21 cm aLotus 123 release 3.0 (Program komputer) aYOPDYOG(B) a230505 a2 a95P0070708 a95P0070709